000 00338nam a2200121Ia 4500
008 151021s9999 xx 000 0 und d
050 _aHQ769.N2009
245 _a_Child Growth and Development II
260 _aNairobi longhorn 2009
300 _aviii,110p
650 _a_Concept in child growth
980 _a^d20101207 04:55:54^okilerai
999 _c5496
_d5496